00789nam a2200205 i 4500001000400000245005700004260003600061300002600097490005800123505005100181650006100232700002200293830004800315830005000363020001500413040000800428041000800436008004100444856009800485bgj00aFrom Blake to ByronnVol. 5 /cedited by Boris Ford. aLondon :bPenguin Books,c1990. a440, [1] pp ;c20 cm.1 aThe New Pelican Guide to English Literature ;vvol. 5 aIncludes index and bibliographical references. 9aEnglish literaturexHistory and crititcismy19th century1 aFORD, Boris.eed. aThe New Pelican Guide to English Literature aThe New Pelican Guide to English Literature ; a0140138110 cBPK0 aeng s uk f |000 0 eng  uhttp://koha.tu.koszalin.pl/cgi-bin/koha/opac-detail.pl?biblionumber=48437yKatalog online BPK